| 000 | 00750cam a22002297 4500 | ||
|---|---|---|---|
| 001 | 31270 | ||
| 003 | BD-RjUL | ||
| 005 | 20211209051659.0 | ||
| 008 | 140415r19531982nyu d 000 0 eng d | ||
| 035 | _a(BD-RjUL)31357 | ||
| 040 |
_aDLC _cMCE _dMCE _dDLC _dBD-RjUL _beng |
||
| 041 | _aeng | ||
| 082 |
_aR 422.03 _bSKE 1953 |
||
| 100 | 1 |
_aSkeat, Walter W. _q(Walter William), _d1835-1912. _955648 |
|
| 245 | 1 | 3 |
_aAn etymological dictionary of the English language / _cBy the Rev. Walter W. Skeat ... |
| 260 |
_aOxford : _bAt the Clarendon Press, _c1882 [Reprinted 1953] |
||
| 300 |
_axxviii, 780 p. ; _c22 cm. |
||
| 650 | 0 |
_aEnglish language _xEtymology _xDictionaries. _995162 |
|
| 942 |
_2ddc _cBK |
||
| 999 |
_c31270 _d31270 |
||